• 首页
  • 本馆介绍
  • 公告通知
  • 最新文献
  • 馆藏检索
  • 电子资源
  • 读者导购
  • 参考咨询
  • 我的图书馆
  • 登录
  • 详细信息显示
  • 放入我的书架
  • 预约/预借图书
  • 作者相关作品
  • 分类相关作品
  • 丛书相关作品
  • 出版社相关作品

书目信息

  • 表格格式
  • 工作单格式
  • 卡片格式
题名:
中国古代体育史话
    
 
作者: 张德福 主编
分册:  
出版信息: 北京   北京师范大学出版社  2001.07
页数: 175页,[48]页图版
开本: 32开
丛书名:
单 册:
中图分类: G812.92
科图分类:
主题词: 体育--历史--中国--古代
电子资源:
ISBN: 7-303-05955-5
000 00587nam0 2200193 45
001 0205270916
005 20031219104055.9
010    @a7-303-05955-5@dCNY10.00
100    @a20020527d2001 km y0chiy0120 ea
101 0  @achi
105    @af z 000yy
200 1  @a中国古代体育史话@AZhong Guo Gu Dai Ti Yu Shi Hua@f张德福主编@FZhang DeFu Zhu Bian
210    @a北京@c北京师范大学出版社@d2001.07
215    @a175页,[48]页图版@c图版@d32开
606 0  @a体育@x历史@y中国@z古代
690    @aG812.92@v4
701    @a张德福@4主编
801    @aCN@bTSTC@c20020527
905    @b310821-823@dG812.92@e33@f3
    
    中国古代体育史话/张德福主编.-北京:北京师范大学出版社,2001.07
    175页,[48]页图版:图版;32开
    
    
    ISBN 7-303-05955-5:CNY10.00
    
●
相关链接 在E读中查询图书 在五车中查询图书 在当当中查询图书 在豆瓣中查询图书


正题名:中国古代体育史话     索取号:G812.92/33         预约/预借

序号 登录号 条形码 馆藏地/架位号 状态 备注
1 0310821   203108216   第四借阅区/ [索取号:G812.92/33] 在馆    
2 0310822   203108225   第四借阅区/ [索取号:G812.92/33] 在馆    
3 0310823   203108234   第一样本阅览室/ [索取号:G812.92/33] 在馆    
唐山师范学院图书馆 欢迎您!
大连网信软件有限公司© 版权所有